LEADER 01471nam a2200337 a 4500 001 000000123448 003 CaOOAMICUS 005 20101020134645.0 008 101020t2010 it b u000 u ita r 040 $aPUL$bita 041 1 $aita$hfre 082 04$a920 100 1 $aMossé, Claude.$0(OLS)http://pul/name/74134 240 10$aAlexandre : la destinée d'un mythe$lItaliano.$0(OLS)http://pul/title/149327 245 10$aAlessandro Magno :$bla realtà e il mito /$cClaude Mossé ; traduzione di Orietta Dora Cordovana. 260 $aMilano :$bIl Sole 24 ore,$c©2010$aRoma ; Bari :$bEditori Laterza 300 $aVII, 251 p. :$bc. geogr. ;$c22 cm 490 1 $aGrandi biografie ;$v4 500 $aInclude indice. 504 $aBibliografia in nota. 600 04$aAlexander Magnus,$d356-323 a.C.$0(OLS)http://pul/subject/2708 700 1 $aCordovana, Orietta Dora.$0(OLS)http://pul/name/74101 830 0$aGrandi biografie ;$v4.$0(OLS)http://pul/title/155366 850 $aPUL 852 $aPUL$W1$xDP2 Filosofia 3$y112$m920 COLL 2.4$j142084$qDDC 21$B141063$CPULBib$Z2$F141063 $H115087 $82 941 1 $a9 996 $6082$a920$9(OLS)http://pul/classification/1661 996 $6245$aAlessandro Magno :$bla realtà e il mito$9(OLS)http://pul/title/149326 996 $6260$aMilano :$bIl Sole 24 ore$9(OLS)http://pul/publisher/69212 996 $6260$aRoma ; Bari :$bEditori Laterza$9(OLS)http://pul/publisher/61082 LEADER 00806naa a2200205 u 4500 001 000000103616 003 CaOOAMICUS 005 20070226130216.0 008 061120s1959 it u000 u fre u 035 $a11107489 040 $aIAR$bita 100 1 $aHauret, Charles.$0(OLS)http://pul/name/24254 245 10$aMoïse était-il prêtre ? /$cC. Hauret. 260 $aRoma :$bP. Instituto biblico,$c1959. 300 $av.1, p. 375-387 ;$c24 cm 500 $aIAR: CCI.554 773 0 $aStudia biblica et orientalie edita a Pontificio Instituto Biblico ad celebrandum annum L ex quo conditum est institutum. 773 0 $tStudia biblica et orientalia$g10-12$w()23518 996 $6245$aMoïse était-il prêtre ?$9(OLS)http://pul/title/130521 996 $6260$aRoma :$bP. Instituto biblico$9(OLS)http://pul/publisher/58062